00989nam a22002655i 4500001000700000003000900007005001700016008004100033020001800074080001100092100002800103245013800131250001200269260004000281300002600321490003300347500001400380650003200394700002900426700004600455830004100501852003900542999001900581952012300600176421ES-MaACL20250811100120.0110113s1974 sp |||| | spa d a84-311-0156-3 a616.890 aBellot, Lucien.914475314aLas consultas diarias en ginecología / cpor Lucien Bellot y Denys Sersiron ; versión española de José Mª de Prado Marcilla. a1ª ed. aBarcelona : bToray-Masson, c1974. aIX, 189 p. ; c22 cm.1 aLas consultas diarias ; v22 aÍndice.07aPsiquiatría2embne9165861 aSersiron, Denys.91447540 aPrado Marcilla, José María de.9936220 aLas consultas diarias ; v229190025 aES-MaACLjE-14051 xOlim P-210-Ter c176421d176421 00104070aATENEOMbATENEOMcDEPO2d2011-01-13eDONl0oE-14051p1185280r2023-02-23 00:00:00w2023-02-23yMONOGRAFIA